000 00228nam a22000857a 4500
008 170620b xxu||||| |||| 00| 0 eng d
100 _93574
_aCarlton.R.R
245 _aPrinciples of Radiographic Imaging
260 _aUSA
_bElsevier
_c2006
999 _c6960
_d6960